<?xml version="1.0" encoding="UTF-8"?><marc:collection xmlns:marc="http://www.loc.gov/MARC21/slim">
  <marc:record>
    <marc:leader>00000nam  2200000zi 4500</marc:leader>
    <marc:controlfield tag="001">9.867681</marc:controlfield>
    <marc:controlfield tag="003">CaOODSP</marc:controlfield>
    <marc:controlfield tag="005">20221107162357</marc:controlfield>
    <marc:controlfield tag="006">m     o  d f      </marc:controlfield>
    <marc:controlfield tag="007">cr nn|||||||||</marc:controlfield>
    <marc:controlfield tag="008">190128s1986    onc     o    f000 0 fre d</marc:controlfield>
    <marc:datafield tag="040" ind1=" " ind2=" ">
      <marc:subfield code="a">CaOODSP</marc:subfield>
      <marc:subfield code="b">fre</marc:subfield>
      <marc:subfield code="e">rda</marc:subfield>
      <marc:subfield code="c">CaOODSP</marc:subfield>
    </marc:datafield>
    <marc:datafield tag="041" ind1=" " ind2=" ">
      <marc:subfield code="a">fre</marc:subfield>
      <marc:subfield code="b">eng</marc:subfield>
    </marc:datafield>
    <marc:datafield tag="043" ind1=" " ind2=" ">
      <marc:subfield code="a">n-cn---</marc:subfield>
      <marc:subfield code="a">n-cn-qu</marc:subfield>
    </marc:datafield>
    <marc:datafield tag="045" ind1=" " ind2=" ">
      <marc:subfield code="a">x8x8</marc:subfield>
    </marc:datafield>
    <marc:datafield tag="086" ind1="1" ind2=" ">
      <marc:subfield code="a">En13-5/86-177F-PDF</marc:subfield>
    </marc:datafield>
    <marc:datafield tag="100" ind1="1" ind2=" ">
      <marc:subfield code="a">Alkema, H., </marc:subfield>
      <marc:subfield code="e">auteur.</marc:subfield>
    </marc:datafield>
    <marc:datafield tag="245" ind1="1" ind2="0">
      <marc:subfield code="a">Rapport sommaire PAQFP études 1-6 (juilet 85 - juin 86) : </marc:subfield>
      <marc:subfield code="b">oligo-éléments métalliques, principaux ions, substances nutritives et physiques dans les échantillons d’eau surface / </marc:subfield>
      <marc:subfield code="c">H. Alkema.</marc:subfield>
    </marc:datafield>
    <marc:datafield tag="246" ind1="1" ind2=" ">
      <marc:subfield code="i">Titre corrigé : </marc:subfield>
      <marc:subfield code="a">Rapport sommaire PAQFP études 1-6 (juillet 85 - juin 86) : </marc:subfield>
      <marc:subfield code="b">oligo-éléments métalliques, principaux ions, substances nutritives et physiques dans les échantillons d’eau surface</marc:subfield>
    </marc:datafield>
    <marc:datafield tag="264" ind1=" " ind2="1">
      <marc:subfield code="a">[Burlington, Ontario : </marc:subfield>
      <marc:subfield code="b">Institut national de recherche sur les eaux, </marc:subfield>
      <marc:subfield code="c">1986]</marc:subfield>
    </marc:datafield>
    <marc:datafield tag="300" ind1=" " ind2=" ">
      <marc:subfield code="a">1 ressource en ligne (1 volume (non paginé)).</marc:subfield>
    </marc:datafield>
    <marc:datafield tag="336" ind1=" " ind2=" ">
      <marc:subfield code="a">texte</marc:subfield>
      <marc:subfield code="b">txt</marc:subfield>
      <marc:subfield code="2">rdacontent/fre</marc:subfield>
    </marc:datafield>
    <marc:datafield tag="337" ind1=" " ind2=" ">
      <marc:subfield code="a">informatique</marc:subfield>
      <marc:subfield code="b">c</marc:subfield>
      <marc:subfield code="2">rdamedia/fre</marc:subfield>
    </marc:datafield>
    <marc:datafield tag="338" ind1=" " ind2=" ">
      <marc:subfield code="a">ressource en ligne</marc:subfield>
      <marc:subfield code="b">cr</marc:subfield>
      <marc:subfield code="2">rdacarrier/fre</marc:subfield>
    </marc:datafield>
    <marc:datafield tag="490" ind1="1" ind2=" ">
      <marc:subfield code="a">NWRI contribution ; </marc:subfield>
      <marc:subfield code="v">no. 86-177</marc:subfield>
    </marc:datafield>
    <marc:datafield tag="500" ind1=" " ind2=" ">
      <marc:subfield code="a">Titre de la couverture.</marc:subfield>
    </marc:datafield>
    <marc:datafield tag="500" ind1=" " ind2=" ">
      <marc:subfield code="a">Édition numérisée de l'imprimé [par Environnement et changement climatique Canada].</marc:subfield>
    </marc:datafield>
    <marc:datafield tag="505" ind1="0" ind2="0">
      <marc:subfield code="t">Rapport sommaire, étude F/P-001, juillet et août, 1985 : oligo-éléments métalliques, principaux ions, substances nutritives et physiques dans les échantillons d’eau surface dont le titre a été modifié en laboratoire / </marc:subfield>
      <marc:subfield code="r">par J.F. Gorrie -- </marc:subfield>
      <marc:subfield code="t">Rapport sommaire, Programme d’assurance-qualité fédéral-provincial, étude F/P-002, septembre et octobre, 1985 : oligo-éléments métalliques, principaux ions, substances nutritives et physiques dans les échantillons d’eau surface dont le titre a été modifié en laboratoire / </marc:subfield>
      <marc:subfield code="r">par J.F. Gorrie -- </marc:subfield>
      <marc:subfield code="t">Rapport sommaire, Programme d’assurance-qualité fédéral-provincial, étude F/P-003, novembre et décembre, 1985 : oligo-éléments métalliques, principaux ions, substances nutritives et physiques dans les échantillons d’eau surface dont le titre a été modifié en laboratoire / </marc:subfield>
      <marc:subfield code="r">par H. Alkema -- </marc:subfield>
      <marc:subfield code="t">Rapport sommaire, Programme d’assurance-qualité fédéral-provincial, étude F/P-004, janvier et février, 1986 : oligo-éléments métalliques, principaux ions, substances nutritives et physiques dans les échantillons d’eau surface dont le titre a été modifié en laboratoire / </marc:subfield>
      <marc:subfield code="r">par H. Alkema -- </marc:subfield>
      <marc:subfield code="t">Rapport sommaire, Programme d’assurance-qualité fédéral-provincial, étude F/P-005, mars et avril, 1986 : oligo-éléments métalliques, principaux ions, substances nutritives et physiques dans les échantillons d’eau surface dont le titre a été modifié en laboratoire / </marc:subfield>
      <marc:subfield code="r">par H. Alkema -- </marc:subfield>
      <marc:subfield code="t">Rapport sommaire, Programme d’assurance-qualité fédéral-provincial, étude F/P-006, mai et juin, 1986 : oligo-éléments métalliques, principaux ions, substances nutritives et physiques dans les échantillons d’eau surface dont le titre a été modifié en laboratoire / </marc:subfield>
      <marc:subfield code="r">par H. Alkema.</marc:subfield>
    </marc:datafield>
    <marc:datafield tag="520" ind1="3" ind2=" ">
      <marc:subfield code="a">« Ce rapport regroupant six études sur le contrôle de la qualité (CQ) présente une évaluation de l'analyse chimique des eaux de surface effectuée par différents laboratoires dans le cadre de l'Accord Canada-Québec relatif à la qualité des eaux. Dans ce rapport couvrant la période de juillet 1985 à juin 1986 (études CQ FP1 à FP6), on décrit les aspects suivants du contrôle de la qualité : conception des études, traitement des données, indicateurs d'exactitude et commentaires sur la performance individuelle des laboratoires » -- Résumé.</marc:subfield>
    </marc:datafield>
    <marc:datafield tag="546" ind1=" " ind2=" ">
      <marc:subfield code="a">Comprend un résumé et un sommaire administratif en anglais.</marc:subfield>
    </marc:datafield>
    <marc:datafield tag="693" ind1=" " ind2="4">
      <marc:subfield code="a">Eau--Qualité--Mesure</marc:subfield>
    </marc:datafield>
    <marc:datafield tag="693" ind1=" " ind2="4">
      <marc:subfield code="a">Environnement--Laboratoires--Qualité--Contrôle</marc:subfield>
    </marc:datafield>
    <marc:datafield tag="700" ind1="1" ind2=" ">
      <marc:subfield code="a">Gorrie, J. F., </marc:subfield>
      <marc:subfield code="e">auteur.</marc:subfield>
    </marc:datafield>
    <marc:datafield tag="710" ind1="1" ind2=" ">
      <marc:subfield code="a">Canada. </marc:subfield>
      <marc:subfield code="b">Environnement Canada.</marc:subfield>
    </marc:datafield>
    <marc:datafield tag="710" ind1="2" ind2=" ">
      <marc:subfield code="a">Institut national de recherche sur les eaux (Canada)</marc:subfield>
    </marc:datafield>
    <marc:datafield tag="830" ind1="#" ind2="0">
      <marc:subfield code="a">Collection INRE ;</marc:subfield>
      <marc:subfield code="v">no. 86-177</marc:subfield>
      <marc:subfield code="w">(CaOODSP)9.867771</marc:subfield>
    </marc:datafield>
    <marc:datafield tag="856" ind1="4" ind2="0">
      <marc:subfield code="q">PDF</marc:subfield>
      <marc:subfield code="s">11.57 Mo</marc:subfield>
      <marc:subfield code="u">https://publications.gc.ca/collections/collection_2019/eccc/En13-5-86-177-fra.pdf</marc:subfield>
    </marc:datafield>
  </marc:record>
</marc:collection>
